00873nam a2200217 a 450000500170000000800410001702000180005805000230007610000250009924500460012426000350017030000190020544000140022450000560023852001570029465000210045165000210047265000210049399900190051495201220053320140412111415.0070813s19uu xx 00 eng d a0-439-20319-8 aTR(PS EbHo77 2000 aWeinberger, Kimberly aHopsalot's Garden /cKimberly Weinberger. aNew York :bScholastic,c2000. a1 v. (unpaged) aJumpstart a"Based on the #1 educational software for children" aWhen Hopsalot, the rabbit, plants his seeds in the spring, his garden is surpassed by those of his friends, but he must wait until fall to find out why. aGardensxfiction aRabbitsxfiction aSeasonsxfiction c105825d105825 001040aELbELcTRd2007-08-13eLib. Fundg125.00l0oTR(PS E Ho77 2000pE10745r2014-04-12 00:00:00w2014-04-12yBK